| 000 | 00491nam a2200193Ia 4500 | ||
|---|---|---|---|
| 005 | 20240423143903.0 | ||
| 008 | 131103s9999 xx 000 0 und d | ||
| 040 | _aLoreto College | ||
| 041 | _aEnglish | ||
| 082 |
_a370.954 _bVAK |
||
| 100 | _aVakil, K.S | ||
| 245 |
_aEducation in India _cK.S.Vakil and S.Natarajan |
||
| 260 |
_aLondon _bAllied publishers _c1966 |
||
| 300 | _axi,216p. | ||
| 650 | _aEducation - India | ||
| 700 | _aNatarajan, S. | ||
| 850 | _aLCBED | ||
| 942 | _cBK | ||
| 999 |
_c25789 _d76268 |
||